As bibliotecas em Portugal : elementos para uma avaliação (na última década) (Registo nº 197737)

Detalhes MARC
000 -Etiqueta do registo
Valores 00765nam 22002293 4500
010 ## - Número ISBN
ISBN 972-8488-01-7
021 ## - Número do Depósito Legal
Código do país Portugal
Número 123038/98
100 ## - Dados gerais de processamento
Dados gerais 20250902d u||y0pory50 ba
200 ## - Titulo e menção de responsabilidade
Título próprio As bibliotecas em Portugal : elementos para uma avaliação (na última década)
Primeira menção de responsabilidade Eduardo de Freitas
Outras menções de responsabilidade colaboração Isabel Pires
210 ## - Publicação
Local de publicação Lisboa
Nome do editor Observatório das Actividades Culturais
Data de publicação 1998
215 ## - Descrição física 
Paginação / Volumes 151 p.
Outras indicações físicas brochado
Dimensões 21 cm
225 ## - Colecção 
Título próprio da colecção OBS - Pesquisas
Número de parte ou secção 2
606 ## - Nome comum usado como assunto
ID Autoridade 1270
Palavra de ordem Biblioteconomia
Subdivisão assunto Bibliotecas
610 ## - Termos não controlados
Palavra de ordem informação bibliotecas no período 1985
675 ## - CDU
Notação 02
Edição PT
Língua por
700 ## - Autor principal (pessoa individual)
ID Autoridade 10823
Apelido Freitas
Nome Eduardo de
702 ## - Autor secundário (pessoa individual)
ID Autoridade 13788
Apelido Pires
Nome Isabel
801 ## - Fonte de origem
País PT
Agência BMMN
Regras de catalogação RPC
830 ## - Notas gerais do catalogador
Criado por Vanda
990 ## - Elementos KOHA
Tipo de documento Livro
Exemplares
Situação do levantamento Biblioteca de origem Código de barras Cota Permissão de empréstimo Tipo de documento Forma de aquisição
  Biblioteca Municipal de Montemor-o-Novo 25885 02 FRE|DEP   Livro Compra

Powered by Koha